000 00502nam a2200193Ia 4500
003 OSt
005 20250526110520.0
008 210210b1980 xxu||||| |||| 00| 0 eng d
040 _cAL
041 _aKannada
082 _aK894.3 SANV
100 _aSANJIVA (Pa).
_dಸಂಜೀವ (ಪಾ)
_9210997
245 _aVyavasthe
_bವ್ಯವಸ್ಥೆ
260 _aBengaluru
_bPampakshi Prakashana
_c1980
300 _a171
690 _aKannada Fiction
_9210998
906 _a035144
942 _2ddc
_cBK
999 _c86066
_d86066